000 00735cam a22002533a 4500
001 18332
003 PGUSA
005 20140828083405.0
008 060506s2006||||xxu|||||s|||||000 1 eng d
040 _aPGUSA
_beng
042 _adc
050 4 _aPS
100 1 _aEwell, Martha Lewis Beckwith,
_d1841-1902
245 1 4 _aThe Harvest of Years
_h[electronic resource] /
_cMartha Lewis Beckwith Ewell
260 _bProject Gutenberg,
_c2006
506 _aPublic domain in the USA.
516 _aElectronic text
653 _aDomestic fiction
653 _aChristian life -- Fiction
653 _aConduct of life -- Fiction
830 0 _aProject Gutenberg
_v18332
856 4 0 _uhttp://www.gutenberg.org/ebooks/18332
942 _cEB
999 _c247587
_d247587